|
|
|
|
| LEADER |
01115nta a2200241 i 4500 |
| 001 |
dokt4478 |
| 005 |
20220413093344.0 |
| 008 |
220413s1996 hu om 0|| hun d |
| 040 |
|
|
|a SZTE Doktori Repozitórium
|b hun
|
| 041 |
|
|
|a hun
|
| 100 |
1 |
|
|a Pápay László
|
| 245 |
1 |
0 |
|a Néhány hazai olajpala oldható szerves anyagának jellemzése, olajpaláink és barnakőszeneink kénmegoszlása
|h [elektronikus dokumentum] /
|c Pápay László
|
| 260 |
|
|
|c 1996
|
| 502 |
|
|
|a Disszertacio
|
| 650 |
|
4 |
|a földtudományok
|
| 650 |
|
4 |
|a Természettudományok
|
| 650 |
|
4 |
|a Föld- és kapcsolódó környezettudományok
|
| 695 |
|
|
|a Kőzettan
|
| 700 |
1 |
|
|a nincs megadva
|e ths
|
| 856 |
4 |
0 |
|u https://doktori.bibl.u-szeged.hu/id/eprint/4478/1/1996_papay_laszlo.pdf
|z Dokumentum-elérés
|
| 856 |
4 |
0 |
|u https://doktori.bibl.u-szeged.hu/id/eprint/4478/2/1996_papay_laszlo_tezis.pdf
|z Dokumentum-elérés
|
| 856 |
4 |
0 |
|u https://doktori.bibl.u-szeged.hu/id/eprint/4478/3/1996_papay_laszlo_biralat.pdf
|z Dokumentum-elérés
|
| 856 |
4 |
0 |
|u https://doktori.bibl.u-szeged.hu/id/eprint/4478/4/1996_papay_laszlo_melleklet.pdf
|z Dokumentum-elérés
|